| 000 | 00382nam a2200145Ia 4500 | ||
|---|---|---|---|
| 008 | 150128s9999 xx 000 0 und d | ||
| 020 | _a0451523415 | ||
| 050 |
_aCLA _bAI1I 1983 |
||
| 100 | _aAlcott, Louisa May. | ||
| 245 | _aLittle women / | ||
| 250 | _aLouisa May Alcott. | ||
| 260 |
_aNew York: _bPenguin Books, _c1983. |
||
| 300 |
_a450 pages : _c18 cm. |
||
| 650 | _xFiction. | ||
| 999 |
_c278872 _d278872 |
||